| 000 | 00566nam a2200205Ia 4500 | ||
|---|---|---|---|
| 003 | GCL | ||
| 008 | 140319s9999 xx 000 0 eng d | ||
| 040 |
_aGCL / _cGCL |
||
| 082 | 0 | 4 |
_a759.0652 _bR S |
| 100 | 1 | _aREYNOLDS, DEE | |
| 245 | 1 | 0 |
_aSYMBOLIST AESTHETICS AND EARLY ABSTRACT ART / _cREYNOLDS, DEE |
| 260 |
_a[S.N] : _bCAMBRIDGE UNIVERSITY PRESS ، _c1995 |
||
| 300 | _a290 P | ||
| 650 | 0 | 4 | _aSYMBOLISM - FRANCE |
| 650 | 0 | 4 | _aRIMBAND ARTHUR - AESTHETICS |
| 650 | 0 | 4 | _aFRENCH POETRY - HISTORY |
| 650 | 0 | 4 | _aART |
| 650 | 0 | 4 | _aIMAGINATION |
| 942 |
_2ddc _cBK |
||
| 999 |
_c13810 _d13810 |
||